00983 2200217 4500001002100000005001500021035002000036245004400056100001900100250001700119300002800136260003100164082001100195084001700206020002200223650001400245520042000259500002900679008004100708990001600749INLIS00000000000002020240321073204 a0010-03240000201 aJalak Bali yang Jujur /cNelfi Syafrina0 aNelfi Syafrina acetakan ke-1 a36 hlm :bilus ;c19 cm aSolo :bTiga Ananda,c2018 a398.24 a398.24 NEL j a978-602-366-448-1 4aBuku Anak aSaat asyik bermain di hutan, Jali, si jalak bali dan Gumi, si burung kutilang, menemukan beberapa buah pisang. Jali pun menyantap pisang-pisang itu karena lapar. Namun, tidak dengan Gumi. Wah, ternyata pisang-pisang itu milik bapak Gumi. Jali telah terlanjur memakannya. Apakah bapak Gumi akan marah saat mengetahui hal itu? Dan, apakah Jali mau mengakui kesalahannya? Cari tahu, yuk, kisah Jali selengkapnya! aSeri Cerita Hewan Langka240321 0  a00000000020